Marvel Rivals: The Punisher Skins by Picture - Statistics

General Stats
  • This quiz has been taken 7 times
  • The average score is 7 of 9
Answer Stats
Picture Answer % Correct
Daredevil: Born Again
100%
Franken-Castle
100%
Punisher 2099
100%
Thunderbolts
100%
Camo
83%
Dangan Ronin
83%
Amber Annihilator
33%
Aqua Arsenal
33%
Emerald Executioner
33%
No matching quizzes found
Score Distribution
Percent of People with Each Score
Percentile by Number Answered
Your Score History
You have not taken this quiz